[Event "POL-chT U26 rapid"]
[Site "Hucisko"]
[Date "2016.01.16"]
[Round "1.4"]
[White "Janowicz, Mateusz"]
[Black "Plichta, Kamil"]
[Result "1/2-1/2"]
[WhiteElo "1624"]
[BlackElo "2331"]
[PlyCount "135"]
[EventDate "2016.01.16"]
[EventType "team-swiss (rapid)"]
[EventRounds "9"]
[EventCountry "POL"]
[SourceTitle "CBM 170 Extra"]
[Source "ChessBase"]
[SourceDate "2016.02.25"]
[SourceVersion "1"]
[SourceVersionDate "2016.02.25"]
[SourceQuality "1"]
[WhiteTeam "Warsaw WAT"]
[BlackTeam "Poznan UE"]
[WhiteTeamCountry "POL"]
[BlackTeamCountry "POL"]

1. d4 g6 2. Bg5 Bg7 3. e3 c5 4. c3 cxd4 5. exd4 Nf6 6. Bd3 Nc6 7. Nf3 0-0 8. 0-0 d6 9. Nbd2 e5 10. dxe5 dxe5 11. Ne4 Bf5 12. Nxf6+ Bxf6 13. Bxf5 Bxg5 14. Qxd8 Bxd8 15. Bd7 e4 16. Bxc6 bxc6 17. Ne5 Rc8 18. Rad1 Bb6 19. Nc4 Rcd8 20. a4 Bc7 21. Rfe1 f5 22. g3 Kf7 23. Kf1 Ke6 24. Ke2 Rd5 25. Rxd5 cxd5 26. Na3 Rb8 27. Nb5 Be5 28. Rb1 a6 29. Nd4+ Bxd4 30. cxd4 Rb4 31. b3 Rxd4 32. b4 Kd6 33. b5 axb5 34. axb5 Kc7 35. b6+ Kb7 36. Rb5 Rd3 37. h4 d4 38. Rd5 Kxb6 39. Rd7 Ra3 40. Rxd4 Kc6 41. Rd8 Ra7 42. Rd2 Rd7 43. Ra2 Kd5 44. f3 Rb7 45. Ra3 Rb6 46. Ke3 Rb4 47. Ra5+ Kc6 48. fxe4 Rxe4+ 49. Kf3 Kd6 50. h5 Ke6 51. Ra6+ Kf7 52. Ra7+ Re7 53. hxg6+ hxg6 54. Ra6 Re6 55. Ra7+ Kf6 56. g4 Rb6 57. Ra3 Kg5 58. gxf5 gxf5 59. Kg3 Rh6 60. Ra8 f4+ 61. Kg2 Re6 62. Rg8+ Kf5 63. Rf8+ Ke4 64. Kf2 Re7 65. Ra8 Rb7 66. Re8+ Kd4 67. Rd8+ Ke5 68. Re8+ 1/2-1/2